[Event "Russian Championship (Blitz, Women)"]
[Site "Sochi"]
[Date "2018.10.07"]
[Round "1.3"]
[White "Yurasova, Daria"]
[Black "Bodnaruk, Anastasia"]
[Result "0-1"]
[BlackElo "2358"]
[WhiteElo "2018"]
[LiveChessVersion "1.4.8"]

1. d4 {[%clk 0:03:03]} Nf6 {[%clk 0:03:03]} 2. Nf3 {[%clk 0:03:04]} g6
{[%clk 0:03:05]} 3. Bg5 {[%clk 0:03:05]} Bg7 4. c3 O-O 5. Nbd2 d5
{[%clk 0:03:03]} 6. e3 {[%clk 0:03:07]} b6 {[%clk 0:02:56]} 7. Bd3
{[%clk 0:03:08]} c5 {[%clk 0:02:56]} 8. O-O {[%clk 0:03:08]} Bb7 {[%clk 0:02:58]}
9. Re1 {[%clk 0:03:09]} Nbd7 {[%clk 0:02:44]} 10. Bc2 {[%clk 0:03:09]} Re8
{[%clk 0:02:31]} 11. Bh4 {[%clk 0:02:56]} e5 {[%clk 0:02:20]} 12. dxe5
{[%clk 0:02:55]} Nxe5 {[%clk 0:02:22]} 13. Nxe5 {[%clk 0:02:56]} Rxe5
{[%clk 0:02:23]} 14. Nf3 {[%clk 0:02:52]} Re8 {[%clk 0:02:16]} 15. Rc1
{[%clk 0:02:38]} h6 {[%clk 0:02:03]} 16. Bb3 {[%clk 0:02:27]} g5 {[%clk 0:01:59]}
17. Bg3 {[%clk 0:02:28]} Ne4 {[%clk 0:01:59]} 18. Nd2 {[%clk 0:02:14]} Nxg3
{[%clk 0:01:43]} 19. hxg3 {[%clk 0:02:15]} Qf6 {[%clk 0:01:43]} 20. Qf3
{[%clk 0:01:50]} Qxf3 {[%clk 0:01:35]} 21. Nxf3 {[%clk 0:01:50]} Rad8
{[%clk 0:01:36]} 22. Rcd1 {[%clk 0:01:51]} Rd6 {[%clk 0:00:43]} 23. Rd2
{[%clk 0:01:51]} Red8 {[%clk 0:00:45]} 24. Red1 {[%clk 0:01:53]} Bf8
{[%clk 0:00:28]} 25. Bc2 {[%clk 0:01:49]} Kg7 {[%clk 0:00:27]} 26. Bf5
{[%clk 0:01:20]} Be7 {[%clk 0:00:27]} 27. g4 {[%clk 0:01:15]} a5 {[%clk 0:00:28]}
28. Nh2 {[%clk 0:01:05]} Bf6 {[%clk 0:00:22]} 29. Nf1 {[%clk 0:01:04]} b5
{[%clk 0:00:23]} 30. Ng3 Be5 31. Nh5+ {[%clk 0:00:55]} Kf8 {[%clk 0:00:26]} 32.
f4 {[%clk 0:00:56]} gxf4 {[%clk 0:00:23]} 33. exf4 {[%clk 0:00:55]} Bh8
{[%clk 0:00:24]} 34. Ng3 {[%clk 0:00:43]} d4 {[%clk 0:00:18]} 35. Ne4
{[%clk 0:00:34]} Rd5 {[%clk 0:00:14]} 36. cxd4 {[%clk 0:00:18]} Bxd4+
{[%clk 0:00:15]} 37. Kh2 {[%clk 0:00:18]} Rxf5 {[%clk 0:00:14]} 38. gxf5
{[%clk 0:00:19]} Bxe4 {[%clk 0:00:15]} 39. Kg3 {[%clk 0:00:18]} Bxf5
{[%clk 0:00:17]} 40. Rh1 {[%clk 0:00:17]} Kg7 {[%clk 0:00:17]} 41. Re2
{[%clk 0:00:17]} Rd7 {[%clk 0:00:10]} 42. Kf3 {[%clk 0:00:15]} Bd3
{[%clk 0:00:10]} 43. Rd2 {[%clk 0:00:12]} Bc4 {[%clk 0:00:10]} 44. Rh5
{[%clk 0:00:09]} Bxa2 {[%clk 0:00:07]} 45. Rxc5 {[%clk 0:00:07]} Bc4
{[%clk 0:00:05]} 46. Rh5 {[%clk 0:00:05]} Bd5+ {[%clk 0:00:05]} 47. Kg3
{[%clk 0:00:05]} Bc4 {[%clk 0:00:06]} 48. Rh1 {[%clk 0:00:05]} Rd6
{[%clk 0:00:05]} 49. Rhd1 {[%clk 0:00:06]} Rg6+ {[%clk 0:00:06]} 50. Kh2
{[%clk 0:00:07]} Be3 {[%clk 0:00:08]} 51. Rc2 {[%clk 0:00:07]} Bxf4+
{[%clk 0:00:09]} 52. Kh1 {[%clk 0:00:08]} Be5 {[%clk 0:00:09]} 53. Rcd2
{[%clk 0:00:08]} a4 {[%clk 0:00:11]} 54. Re1 {[%clk 0:00:08]} Rg5
{[%clk 0:00:12]} 55. Rc2 {[%clk 0:00:07]} Bg3 {[%clk 0:00:11]} 56. Re3
{[%clk 0:00:07]} Bf4 {[%clk 0:00:12]} 57. Re1 {[%clk 0:00:07]} Rg3
{[%clk 0:00:09]} 58. Re4 {[%clk 0:00:06]} Bg5 {[%clk 0:00:10]} 59. Re1
{[%clk 0:00:06]} a3 {[%clk 0:00:09]} 60. bxa3 {[%clk 0:00:07]} Rxa3
{[%clk 0:00:11]} 61. Rb2 {[%clk 0:00:05]} Bf6 {[%clk 0:00:11]} 62. Rc2
{[%clk 0:00:06]} Be6 {[%clk 0:00:12]} 63. Rf1 {[%clk 0:00:06]} b4
{[%clk 0:00:12]} 64. Rcf2 {[%clk 0:00:07]} Bg5 {[%clk 0:00:13]} 65. Rb2
{[%clk 0:00:08]} b3 {[%clk 0:00:14]} 66. Rf3 {[%clk 0:00:07]} Ra2
{[%clk 0:00:13]} 67. Rb1 {[%clk 0:00:09]} b2 {[%clk 0:00:13]} 68. Rb3
{[%clk 0:00:10]} Bf6 {[%clk 0:00:15]} 0-1

[Event "Russian Championship (Blitz, Women)"]
[Site "Sochi"]
[Date "2018.10.07"]
[Round "2.3"]
[White "Bodnaruk, Anastasia"]
[Black "Yurasova, Daria"]
[Result "1-0"]
[BlackElo "2018"]
[WhiteElo "2358"]
[LiveChessVersion "1.4.8"]

1. e4 d6 2. d4 {[%clk 0:03:05]} Nf6 {[%clk 0:03:05]} 3. Nc3 {[%clk 0:03:06]} Nbd7
{[%clk 0:03:07]} 4. g3 {[%clk 0:03:07]} e5 {[%clk 0:03:07]} 5. Nge2
{[%clk 0:03:07]} Be7 {[%clk 0:03:08]} 6. Bg2 {[%clk 0:03:09]} O-O
{[%clk 0:03:09]} 7. O-O c6 8. h3 {[%clk 0:03:08]} Qc7 {[%clk 0:03:09]} 9. a4
{[%clk 0:03:09]} Re8 {[%clk 0:03:09]} 10. f4 {[%clk 0:03:01]} Bf8
{[%clk 0:02:50]} 11. g4 {[%clk 0:02:52]} exd4 {[%clk 0:02:38]} 12. Nxd4
{[%clk 0:02:53]} Nc5 13. Re1 Bd7 {[%clk 0:02:24]} 14. g5 {[%clk 0:02:45]} Nfxe4
{[%clk 0:02:15]} 15. Nxe4 {[%clk 0:02:45]} Nxe4 {[%clk 0:02:15]} 16. Bxe4
{[%clk 0:02:36]} Bxh3 {[%clk 0:01:54]} 17. Qh5 {[%clk 0:02:10]} g6
{[%clk 0:01:55]} 18. Qxh3 d5 19. c3 {[%clk 0:02:10]} dxe4 {[%clk 0:01:53]} 20.
Be3 {[%clk 0:02:10]} Bd6 {[%clk 0:01:49]} 21. f5 {[%clk 0:02:06]} Bf4
{[%clk 0:01:42]} 22. Re2 {[%clk 0:01:48]} Bxe3+ {[%clk 0:01:20]} 23. Rxe3
{[%clk 0:01:48]} c5 {[%clk 0:01:17]} 24. f6 {[%clk 0:01:30]} Qd6 {[%clk 0:00:20]}
25. Nb5 {[%clk 0:01:23]} Qf4 {[%clk 0:00:16]} 26. Qg3 {[%clk 0:01:19]} Qxg3+
{[%clk 0:00:08]} 27. Rxg3 {[%clk 0:01:20]} Re5 {[%clk 0:00:10]} 28. Re1
{[%clk 0:01:15]} a6 {[%clk 0:00:06]} 29. Nd6 {[%clk 0:01:10]} b5 {[%clk 0:00:05]}
30. Rxe4 {[%clk 0:01:05]} Rd5 {[%clk 0:00:05]} 31. Ne8 {[%clk 0:00:43]} bxa4
{[%clk 0:00:05]} 32. Re2 {[%clk 0:00:31]} Rb8 {[%clk 0:00:04]} 33. Nc7
{[%clk 0:00:27]} Rd1+ {[%clk 0:00:05]} 34. Kf2 {[%clk 0:00:28]} h5
{[%clk 0:00:04]} 35. gxh6 {[%clk 0:00:24]} Kh7 {[%clk 0:00:05]} 36. Nxa6
{[%clk 0:00:25]} Rb6 {[%clk 0:00:05]} 37. Nxc5 {[%clk 0:00:24]} Kxh6
{[%clk 0:00:06]} 38. Ne4 {[%clk 0:00:24]} g5 {[%clk 0:00:05]} 39. Rxg5
{[%clk 0:00:12]} Rxf6+ {[%clk 0:00:05]} 40. Ke3 {[%clk 0:00:08]} Re6
{[%clk 0:00:06]} 41. Rh2# {[%clk 0:00:09]} 1-0

[Event "Russian Championship (Blitz, Women)"]
[Site "Sochi"]
[Date "2018.10.07"]
[Round "3.2"]
[White "Bodnaruk, Anastasia"]
[Black "Styazhkina, Anna"]
[Result "1-0"]
[BlackElo "2128"]
[WhiteElo "2358"]
[LiveChessVersion "1.4.8"]

1. e4 {[%clk 0:03:03]} e5 {[%clk 0:03:03]} 2. Nf3 {[%clk 0:03:05]} Nc6
{[%clk 0:03:03]} 3. Bc4 {[%clk 0:03:06]} Bc5 {[%clk 0:03:00]} 4. O-O
{[%clk 0:03:01]} d6 {[%clk 0:02:59]} 5. c3 {[%clk 0:03:01]} Nf6 {[%clk 0:02:48]}
6. d3 {[%clk 0:02:50]} a6 {[%clk 0:02:48]} 7. Bb3 {[%clk 0:02:49]} Ba7
{[%clk 0:02:47]} 8. Re1 {[%clk 0:02:45]} h6 {[%clk 0:02:45]} 9. Nbd2
{[%clk 0:02:41]} Ne7 {[%clk 0:02:20]} 10. Nf1 {[%clk 0:02:37]} g5
{[%clk 0:02:06]} 11. d4 {[%clk 0:02:15]} Ng6 {[%clk 0:01:05]} 12. dxe5
{[%clk 0:02:09]} Ng4 {[%clk 0:00:58]} 13. Ne3 {[%clk 0:02:06]} N4xe5
{[%clk 0:00:55]} 14. Nf5 {[%clk 0:01:35]} Qf6 {[%clk 0:00:49]} 15. Bc2
{[%clk 0:01:23]} Bd7 {[%clk 0:00:36]} 16. N3d4 {[%clk 0:01:19]} O-O-O
{[%clk 0:00:32]} 17. b4 {[%clk 0:01:13]} Nf4 {[%clk 0:00:25]} 18. a4
{[%clk 0:00:57]} h5 {[%clk 0:00:21]} 19. Be3 {[%clk 0:00:46]} Ng4
{[%clk 0:00:15]} 20. Nb5 {[%clk 0:00:23]} Bxe3 {[%clk 0:00:11]} 21. fxe3
{[%clk 0:00:24]} axb5 {[%clk 0:00:07]} 22. exf4 {[%clk 0:00:24]} gxf4
{[%clk 0:00:07]} 23. axb5 {[%clk 0:00:23]} Bxb5 {[%clk 0:00:04]} 24. Qf3
{[%clk 0:00:15]} Qe5 {[%clk 0:00:03]} 25. h3 {[%clk 0:00:09]} Nf6
{[%clk 0:00:04]} 26. Ra5 {[%clk 0:00:10]} c6 27. c4 {[%clk 0:00:11]} Qb2
{[%clk 0:00:03]} 28. cxb5 {[%clk 0:00:11]} Qxc2 {[%clk 0:00:04]} 29. bxc6
{[%clk 0:00:11]} Qxc6 {[%clk 0:00:04]} 30. Ne7+ {[%clk 0:00:10]} 1-0

[Event "Russian Championship (Blitz, Women)"]
[Site "Sochi"]
[Date "2018.10.07"]
[Round "3.11"]
[White "Sukhareva, Evgeniya"]
[Black "Markelova, Lubov"]
[Result "1-0"]
[BlackElo "2033"]
[WhiteElo "2186"]
[LiveChessVersion "1.4.8"]

1. d4 {[%clk 0:03:04]} d5 {[%clk 0:03:04]} 2. Nf3 {[%clk 0:03:05]} Nf6
{[%clk 0:03:05]} 3. c4 c6 4. Qc2 {[%clk 0:02:59]} dxc4 {[%clk 0:03:03]} 5. Qxc4
{[%clk 0:02:59]} Bg4 {[%clk 0:03:02]} 6. Nbd2 {[%clk 0:02:55]} e6
{[%clk 0:03:00]} 7. g3 {[%clk 0:02:54]} Be7 {[%clk 0:02:56]} 8. Bg2
{[%clk 0:02:54]} O-O {[%clk 0:02:56]} 9. e3 {[%clk 0:02:51]} Nbd7
{[%clk 0:02:56]} 10. O-O {[%clk 0:02:48]} Rc8 {[%clk 0:02:56]} 11. b4
{[%clk 0:02:47]} a5 {[%clk 0:02:40]} 12. a3 {[%clk 0:02:46]} Qb6 {[%clk 0:02:38]}
13. Rb1 {[%clk 0:02:35]} axb4 {[%clk 0:02:15]} 14. axb4 {[%clk 0:02:35]} Ra8
{[%clk 0:02:14]} 15. Qb3 {[%clk 0:02:27]} Qb5 {[%clk 0:02:03]} 16. Re1
{[%clk 0:02:14]} Nb6 {[%clk 0:01:58]} 17. e4 {[%clk 0:02:07]} Qa4
{[%clk 0:01:45]} 18. Qc3 {[%clk 0:01:45]} Qa2 {[%clk 0:01:21]} 19. Ne5
{[%clk 0:01:42]} Bh5 {[%clk 0:01:09]} 20. Qe3 {[%clk 0:01:14]} Nbd7
{[%clk 0:00:51]} 21. Nec4 {[%clk 0:01:04]} Bg6 {[%clk 0:00:41]} 22. Bb2
{[%clk 0:00:59]} Bxb4 {[%clk 0:00:21]} 23. Bc3 {[%clk 0:00:24]} Bxc3
{[%clk 0:00:18]} 24. Qxc3 {[%clk 0:00:25]} b5 {[%clk 0:00:13]} 25. Ra1
{[%clk 0:00:12]} b4 {[%clk 0:00:06]} 26. Qxb4 {[%clk 0:00:11]} Qc2
{[%clk 0:00:05]} 27. Rac1 {[%clk 0:00:09]} Qa2 {[%clk 0:00:04]} 28. Nd6
{[%clk 0:00:08]} Rfb8 {[%clk 0:00:04]} 29. Qc3 {[%clk 0:00:09]} Qa6
{[%clk 0:00:04]} 30. Qe3 {[%clk 0:00:08]} Qa3 {[%clk 0:00:05]} 31. Rc3
{[%clk 0:00:08]} Qa6 {[%clk 0:00:05]} 32. Rec1 {[%clk 0:00:10]} Rb6
{[%clk 0:00:06]} 33. Bf1 {[%clk 0:00:10]} Qa4 {[%clk 0:00:05]} 34. h4
{[%clk 0:00:11]} h6 {[%clk 0:00:06]} 35. Be2 {[%clk 0:00:12]} Bh5
{[%clk 0:00:05]} 36. Bxh5 {[%clk 0:00:11]} Nxh5 {[%clk 0:00:07]} 37. Qf3
{[%clk 0:00:12]} Nhf6 {[%clk 0:00:08]} 38. e5 {[%clk 0:00:14]} Nd5
{[%clk 0:00:08]} 39. Qxf7+ {[%clk 0:00:15]} Kh8 {[%clk 0:00:08]} 40. Rc4
{[%clk 0:00:09]} Qa2 {[%clk 0:00:09]} 41. N2e4 {[%clk 0:00:10]} Nf8
{[%clk 0:00:08]} 42. Qh5 {[%clk 0:00:06]} Rb2 {[%clk 0:00:08]} 43. Nf7+
{[%clk 0:00:06]} Kg8 {[%clk 0:00:08]} 44. Nxh6+ {[%clk 0:00:07]} gxh6
{[%clk 0:00:08]} 45. Qxh6 {[%clk 0:00:08]} Nd7 {[%clk 0:00:05]} 46. Qxe6+
{[%clk 0:00:08]} Kh7 {[%clk 0:00:05]} 47. Qxd7+ {[%clk 0:00:09]} Kg8
{[%clk 0:00:06]} 48. Qe6+ {[%clk 0:00:10]} Kf8 {[%clk 0:00:06]} 49. Qxc6
{[%clk 0:00:10]} Rab8 {[%clk 0:00:06]} 50. Qxd5 {[%clk 0:00:10]} Rb1
{[%clk 0:00:06]} 51. Qd6+ {[%clk 0:00:10]} Kg8 {[%clk 0:00:07]} 52. Qe6+
{[%clk 0:00:10]} Kh8 {[%clk 0:00:08]} 53. Qh6+ {[%clk 0:00:06]} Kg8
{[%clk 0:00:09]} 54. Nf6+ {[%clk 0:00:07]} Kf8 {[%clk 0:00:11]} 1-0

[Event "Russian Championship (Blitz, Women)"]
[Site "Sochi"]
[Date "2018.10.07"]
[Round "5.2"]
[White "Protopopova, Anastasiya"]
[Black "Shuvalova, Polina"]
[Result "0-1"]
[BlackElo "2246"]
[WhiteElo "2030"]
[LiveChessVersion "1.4.8"]

1. d4 {[%clk 0:03:02]} Nf6 {[%clk 0:03:04]} 2. c4 {[%clk 0:03:04]} e6
{[%clk 0:03:05]} 3. g3 {[%clk 0:03:05]} d5 {[%clk 0:03:06]} 4. Nf3
{[%clk 0:03:05]} Bb4+ {[%clk 0:03:06]} 5. Bd2 {[%clk 0:03:06]} Be7
{[%clk 0:03:07]} 6. Bg2 {[%clk 0:03:06]} c6 {[%clk 0:03:08]} 7. Qc2
{[%clk 0:03:02]} Nbd7 {[%clk 0:03:09]} 8. O-O {[%clk 0:03:01]} b6
{[%clk 0:03:10]} 9. cxd5 {[%clk 0:02:52]} cxd5 {[%clk 0:03:11]} 10. Rc1
{[%clk 0:02:53]} Bb7 {[%clk 0:03:12]} 11. Qb3 {[%clk 0:02:43]} O-O
{[%clk 0:03:11]} 12. Bf4 {[%clk 0:02:40]} Rc8 {[%clk 0:03:01]} 13. Rxc8
{[%clk 0:02:39]} Qxc8 {[%clk 0:03:01]} 14. Nc3 {[%clk 0:02:40]} Nb8
{[%clk 0:02:50]} 15. Rc1 {[%clk 0:02:35]} Nc6 {[%clk 0:02:50]} 16. Nb5
{[%clk 0:01:45]} Qa8 {[%clk 0:02:50]} 17. Ne5 {[%clk 0:01:30]} Rc8
{[%clk 0:02:36]} 18. Nxc6 {[%clk 0:00:48]} Rxc6 {[%clk 0:02:29]} 19. Rxc6
{[%clk 0:00:46]} Bxc6 {[%clk 0:02:30]} 20. a4 {[%clk 0:00:38]} Qb7
{[%clk 0:02:24]} 21. h4 {[%clk 0:00:32]} h6 {[%clk 0:02:25]} 22. Qc2
{[%clk 0:00:17]} a6 {[%clk 0:02:19]} 23. Nc3 {[%clk 0:00:10]} Ne8
{[%clk 0:02:16]} 24. b3 {[%clk 0:00:07]} Nd6 {[%clk 0:02:10]} 25. Nd1
{[%clk 0:00:07]} Ne4 {[%clk 0:02:10]} 26. Nb2 {[%clk 0:00:07]} Bf6
{[%clk 0:01:52]} 27. Be3 {[%clk 0:00:08]} Nd6 {[%clk 0:01:46]} 28. Qd3
{[%clk 0:00:04]} Nf5 {[%clk 0:01:47]} 29. Nd1 {[%clk 0:00:04]} b5
{[%clk 0:01:45]} 30. axb5 {[%clk 0:00:04]} Bxb5 {[%clk 0:01:46]} 31. Qd2
{[%clk 0:00:05]} Qb6 {[%clk 0:01:43]} 32. Bh3 {[%clk 0:00:03]} Nxe3
{[%clk 0:01:42]} 33. fxe3 Qc7 34. Kg2 {[%clk 0:00:04]} Be7 {[%clk 0:01:35]} 35.
Nf2 {[%clk 0:00:04]} Bd6 {[%clk 0:01:35]} 36. Nh1 {[%clk 0:00:04]} a5
{[%clk 0:01:35]} 37. Qe1 {[%clk 0:00:04]} Bb4 {[%clk 0:01:34]} 38. Qd1
{[%clk 0:00:04]} Qc3 {[%clk 0:01:34]} 39. Kf2 {[%clk 0:00:04]} Bd6
{[%clk 0:01:29]} 40. g4 {[%clk 0:00:05]} Ba6 {[%clk 0:01:19]} 41. Kf3
{[%clk 0:00:05]} Bb7 {[%clk 0:01:17]} 42. Nf2 {[%clk 0:00:05]} e5 43. Qb1
{[%clk 0:00:04]} exd4 {[%clk 0:01:11]} 44. Qd3 {[%clk 0:00:04]} Qc7
{[%clk 0:00:53]} 45. exd4 {[%clk 0:00:05]} Qe7 {[%clk 0:00:54]} 46. Kg2
{[%clk 0:00:05]} Qxh4 {[%clk 0:00:55]} 47. Qe3 {[%clk 0:00:05]} Bc6
{[%clk 0:00:55]} 48. Nd3 {[%clk 0:00:05]} Bd7 {[%clk 0:00:49]} 49. Qf3
{[%clk 0:00:07]} Be6 {[%clk 0:00:48]} 50. Nf4 {[%clk 0:00:06]} Qf6
{[%clk 0:00:45]} 51. Nxe6 {[%clk 0:00:07]} Qxe6 {[%clk 0:00:39]} 52. g5
{[%clk 0:00:07]} Qg6 {[%clk 0:00:33]} 53. Qxd5 {[%clk 0:00:08]} Be7
{[%clk 0:00:21]} 54. Kh2 {[%clk 0:00:07]} Bxg5 {[%clk 0:00:21]} 55. Bf5
{[%clk 0:00:07]} Bf4+ {[%clk 0:00:18]} 56. Kh1 {[%clk 0:00:07]} Qh5+
{[%clk 0:00:18]} 57. Kg1 {[%clk 0:00:07]} g6 {[%clk 0:00:17]} 58. Bd3
{[%clk 0:00:07]} Qxd5 {[%clk 0:00:18]} 0-1

[Event "Russian Championship (Blitz, Women)"]
[Site "Sochi"]
[Date "2018.10.07"]
[Round "5.6"]
[White "Solozhenkina, Elizaveta"]
[Black "Bodnaruk, Anastasia"]
[Result "0-1"]
[BlackElo "2358"]
[WhiteElo "2134"]
[LiveChessVersion "1.4.8"]

1. e4 {[%clk 0:03:03]} d6 {[%clk 0:03:04]} 2. d4 {[%clk 0:03:04]} g6
{[%clk 0:03:05]} 3. Nf3 {[%clk 0:03:05]} Bg7 {[%clk 0:03:06]} 4. Be2
{[%clk 0:03:07]} Nf6 {[%clk 0:03:07]} 5. Nc3 {[%clk 0:03:08]} O-O
{[%clk 0:03:08]} 6. O-O {[%clk 0:03:08]} c6 {[%clk 0:03:07]} 7. Bf4
{[%clk 0:03:09]} b5 {[%clk 0:03:00]} 8. e5 {[%clk 0:03:06]} Ne8 {[%clk 0:02:55]}
9. Ne4 {[%clk 0:02:45]} f5 {[%clk 0:02:46]} 10. exf6 {[%clk 0:02:34]} exf6
{[%clk 0:02:47]} 11. d5 {[%clk 0:02:27]} f5 {[%clk 0:02:37]} 12. Nc3
{[%clk 0:01:47]} b4 {[%clk 0:02:33]} 13. Na4 {[%clk 0:01:47]} c5 {[%clk 0:02:32]}
14. c3 {[%clk 0:01:45]} bxc3 {[%clk 0:02:21]} 15. Nxc3 {[%clk 0:01:43]} h6
{[%clk 0:02:19]} 16. h4 {[%clk 0:01:42]} Nd7 {[%clk 0:02:20]} 17. Qd2
{[%clk 0:01:31]} Kh7 {[%clk 0:02:21]} 18. g3 {[%clk 0:01:20]} Rb8
{[%clk 0:02:21]} 19. Kg2 {[%clk 0:01:18]} Nef6 {[%clk 0:02:12]} 20. Rab1
{[%clk 0:00:42]} Ne4 {[%clk 0:01:59]} 21. Nxe4 {[%clk 0:00:41]} fxe4
{[%clk 0:02:00]} 22. Ne1 {[%clk 0:00:28]} Ne5 {[%clk 0:01:58]} 23. Nc2
{[%clk 0:00:27]} Qd7 {[%clk 0:01:44]} 24. Rh1 {[%clk 0:00:29]} Nf3
{[%clk 0:01:37]} 25. Bxf3 {[%clk 0:00:21]} exf3+ {[%clk 0:01:38]} 26. Kxf3
{[%clk 0:00:20]} Be5 {[%clk 0:01:39]} 27. Kg2 {[%clk 0:00:08]} Rxf4
{[%clk 0:01:21]} 28. gxf4 {[%clk 0:00:08]} Qg4+ {[%clk 0:01:22]} 29. Kf1
{[%clk 0:00:08]} Ba6+ {[%clk 0:01:22]} 30. Ke1 {[%clk 0:00:08]} Bxf4
{[%clk 0:01:23]} 31. Ne3 {[%clk 0:00:07]} Re8 {[%clk 0:01:19]} 32. Qd1
{[%clk 0:00:05]} Qg2 {[%clk 0:01:14]} 33. Kd2 {[%clk 0:00:03]} Qxf2+
{[%clk 0:01:11]} 0-1

[Event "Russian Championship (Blitz, Women)"]
[Site "Sochi"]
[Date "2018.10.07"]
[Round "6.2"]
[White "Shuvalova, Polina"]
[Black "Protopopova, Anastasiya"]
[Result "1-0"]
[BlackElo "2030"]
[WhiteElo "2246"]
[LiveChessVersion "1.4.8"]

1. e4 {[%clk 0:03:03]} e5 {[%clk 0:03:02]} 2. Nf3 {[%clk 0:03:05]} Nc6
{[%clk 0:03:04]} 3. Bb5 {[%clk 0:03:06]} a6 {[%clk 0:03:05]} 4. Ba4
{[%clk 0:03:08]} Nf6 {[%clk 0:03:06]} 5. O-O {[%clk 0:03:08]} Be7
{[%clk 0:03:07]} 6. Re1 {[%clk 0:03:09]} b5 {[%clk 0:03:08]} 7. Bb3
{[%clk 0:03:11]} O-O {[%clk 0:03:07]} 8. c3 {[%clk 0:03:10]} d6 {[%clk 0:03:08]}
9. h3 {[%clk 0:03:11]} Nb8 {[%clk 0:03:08]} 10. d4 {[%clk 0:03:12]} Nbd7
{[%clk 0:03:09]} 11. Nbd2 {[%clk 0:03:10]} Bb7 {[%clk 0:03:09]} 12. a4
{[%clk 0:03:09]} c5 {[%clk 0:03:07]} 13. d5 {[%clk 0:03:07]} c4 {[%clk 0:03:08]}
14. Bc2 {[%clk 0:03:08]} Nc5 {[%clk 0:03:03]} 15. axb5 {[%clk 0:02:32]} axb5
{[%clk 0:03:04]} 16. Rxa8 {[%clk 0:02:32]} Qxa8 {[%clk 0:02:58]} 17. b3
{[%clk 0:02:32]} cxb3 {[%clk 0:02:54]} 18. Nxb3 {[%clk 0:02:32]} Na4
{[%clk 0:02:48]} 19. Re3 {[%clk 0:02:15]} Rc8 {[%clk 0:02:47]} 20. Bd2
{[%clk 0:02:05]} Bd8 {[%clk 0:02:18]} 21. Qa1 {[%clk 0:01:55]} Bb6
{[%clk 0:02:15]} 22. Re1 {[%clk 0:01:54]} Nxc3 {[%clk 0:01:46]} 23. Qb2
{[%clk 0:01:54]} Na4 {[%clk 0:01:42]} 24. Qb1 {[%clk 0:01:54]} Qa7
{[%clk 0:01:39]} 25. Rf1 {[%clk 0:01:51]} Ba6 {[%clk 0:01:28]} 26. Bd3
{[%clk 0:01:51]} Nc5 {[%clk 0:01:25]} 27. Nxc5 {[%clk 0:01:44]} Bxc5
{[%clk 0:01:22]} 28. Qa2 {[%clk 0:01:33]} Qb6 {[%clk 0:01:06]} 29. Ba5
{[%clk 0:01:12]} Qb7 {[%clk 0:01:05]} 30. Rb1 {[%clk 0:01:07]} b4
{[%clk 0:00:56]} 31. Bc2 {[%clk 0:00:29]} Be2 {[%clk 0:00:43]} 32. Nd2
{[%clk 0:00:17]} Ra8 {[%clk 0:00:43]} 33. Nb3 {[%clk 0:00:12]} Bc4
{[%clk 0:00:36]} 34. Qa4 {[%clk 0:00:12]} Qa7 {[%clk 0:00:27]} 35. Nxc5
{[%clk 0:00:10]} dxc5 {[%clk 0:00:28]} 36. Ra1 {[%clk 0:00:07]} Ne8
{[%clk 0:00:19]} 37. Qc6 {[%clk 0:00:03]} b3 {[%clk 0:00:15]} 38. Bd1
{[%clk 0:00:05]} b2 {[%clk 0:00:16]} 39. Rb1 {[%clk 0:00:05]} Qxa5
{[%clk 0:00:16]} 40. Bc2 {[%clk 0:00:05]} Qa6 {[%clk 0:00:05]} 41. Qxc5
{[%clk 0:00:05]} Nd6 {[%clk 0:00:05]} 42. Rxb2 {[%clk 0:00:05]} Qa1+
{[%clk 0:00:05]} 43. Rb1 {[%clk 0:00:07]} Qa6 {[%clk 0:00:04]} 44. Kh2
{[%clk 0:00:08]} h6 {[%clk 0:00:04]} 45. Rb6 {[%clk 0:00:09]} Qa7
{[%clk 0:00:04]} 46. Qxd6 {[%clk 0:00:10]} Be2 {[%clk 0:00:03]} 47. Bb3
{[%clk 0:00:09]} Re8 {[%clk 0:00:04]} 48. f3 {[%clk 0:00:09]} Bd3
{[%clk 0:00:04]} 49. Qc5 {[%clk 0:00:09]} Qa1 {[%clk 0:00:04]} 50. Rc6
{[%clk 0:00:08]} Qe1 {[%clk 0:00:03]} 51. Qc1 {[%clk 0:00:09]} Qh4
{[%clk 0:00:03]} 52. Rc8 {[%clk 0:00:09]} Rxc8 {[%clk 0:00:03]} 53. Qxc8+
{[%clk 0:00:10]} Kh7 {[%clk 0:00:04]} 54. Qg4 {[%clk 0:00:10]} Qe7
{[%clk 0:00:04]} 55. Qf5+ {[%clk 0:00:11]} g6 {[%clk 0:00:05]} 56. d6
{[%clk 0:00:12]} Qb7 {[%clk 0:00:00]} 1-0

[Event "Russian Championship (Blitz, Women)"]
[Site "Sochi"]
[Date "2018.10.07"]
[Round "6.6"]
[White "Bodnaruk, Anastasia"]
[Black "Solozhenkina, Elizaveta"]
[Result "1/2-1/2"]
[BlackElo "2134"]
[WhiteElo "2358"]
[LiveChessVersion "1.4.8"]

1. e4 {[%clk 0:03:03]} c6 {[%clk 0:03:04]} 2. d4 {[%clk 0:03:04]} d5
{[%clk 0:03:05]} 3. e5 {[%clk 0:03:06]} Bf5 {[%clk 0:03:06]} 4. Nf3
{[%clk 0:03:07]} e6 {[%clk 0:03:07]} 5. Be2 {[%clk 0:03:08]} c5 {[%clk 0:03:06]}
6. O-O {[%clk 0:03:07]} Nc6 {[%clk 0:03:04]} 7. c3 {[%clk 0:03:08]} Bg6
{[%clk 0:02:55]} 8. a3 {[%clk 0:02:56]} cxd4 {[%clk 0:02:36]} 9. cxd4
{[%clk 0:02:55]} Nge7 {[%clk 0:02:34]} 10. Nc3 {[%clk 0:02:53]} Nc8
{[%clk 0:02:30]} 11. Na4 {[%clk 0:02:41]} Nb6 {[%clk 0:02:06]} 12. Nc5
{[%clk 0:02:19]} Bxc5 {[%clk 0:01:57]} 13. dxc5 {[%clk 0:02:20]} Nd7
{[%clk 0:01:58]} 14. b4 {[%clk 0:02:22]} a5 {[%clk 0:01:46]} 15. b5
{[%clk 0:01:58]} Ncxe5 {[%clk 0:01:46]} 16. Nxe5 {[%clk 0:01:59]} Nxe5
{[%clk 0:01:46]} 17. Bb2 {[%clk 0:01:53]} f6 {[%clk 0:01:42]} 18. f4
{[%clk 0:01:39]} Nc4 {[%clk 0:01:24]} 19. Bxc4 {[%clk 0:01:28]} dxc4
{[%clk 0:01:25]} 20. Qe2 {[%clk 0:01:30]} Kf7 {[%clk 0:01:22]} 21. f5
{[%clk 0:00:56]} Bxf5 {[%clk 0:01:16]} 22. Rxf5 {[%clk 0:00:45]} exf5
{[%clk 0:01:14]} 23. Qxc4+ {[%clk 0:00:46]} Kg6 {[%clk 0:01:06]} 24. Rf1
{[%clk 0:00:45]} Qd2 {[%clk 0:00:48]} 25. Qe6 {[%clk 0:00:23]} Qxb2
{[%clk 0:00:22]} 26. Qxf5+ Kf7 27. Qd7+ {[%clk 0:00:24]} Kg6 {[%clk 0:00:18]} 28.
Qg4+ {[%clk 0:00:18]} Kf7 {[%clk 0:00:18]} 29. Qd7+ {[%clk 0:00:19]} Kg6
{[%clk 0:00:20]} 30. Qg4+ {[%clk 0:00:21]} Kf7 {[%clk 0:00:21]} 31. Qd7+ 1/2-1/2